Normal view MARC view
  • Carrier, Roch

Entry Personal Name

Number of records used in: 1

001 - CONTROL NUMBER

  • control field: 153640

003 - CONTROL NUMBER IDENTIFIER

  • control field: DLC

005 - DATE AND TIME OF LATEST TRANSACTION

  • control field: 20260414103638.0

008 - FIXED-LENGTH DATA ELEMENTS

  • fixed length control field: 800624n| azannaabn |a aaa

010 ## - LIBRARY OF CONGRESS CONTROL NUMBER

  • LC control number: n 50033106

016 ## - NATIONAL BIBLIOGRAPHIC AGENCY CONTROL NUMBER

  • Record control number: 0100G5468E

035 ## - SYSTEM CONTROL NUMBER

  • System control number: (OCoLC)oca00068448

040 ## - CATALOGING SOURCE

  • Original cataloging agency: DLC
  • Language of cataloging: eng
  • Description conventions: rda
  • Transcribing agency: DLC
  • Modifying agency: DLC
  • Modifying agency: OCoLC
  • Modifying agency: DLC
  • Modifying agency: NjP
  • Modifying agency: IEN-Mu
  • Modifying agency: CaOONL

042 ## - AUTHENTICATION CODE

  • Authentication code: nlc

046 ## - SPECIAL CODED DATES

  • Birth date: 1937-05-13
  • Source of date scheme: edtf

053 #4 - LC CLASSIFICATION NUMBER

  • Classification number element--single number or beginning number of span: PS8505.A77
  • Institution to which field applies: CaOONL

053 #0 - LC CLASSIFICATION NUMBER

  • Classification number element--single number or beginning number of span: PQ3919.2.C25

100 1# - HEADING--PERSONAL NAME

  • Personal name: Carrier, Roch

370 ## - ASSOCIATED PLACE

  • Associated country: Canada
  • Place of residence/headquarters: Montréal (Québec)
  • Source of term: naf

377 ## - ASSOCIATED LANGUAGE

  • Language code: fre

400 1# - SEE FROM TRACING--PERSONAL NAME

  • Personal name: Carrier, Roch,
  • Dates associated with a name: 1937-

500 1# - SEE ALSO FROM TRACING--PERSONAL NAME

  • Personal name: Frisson, Sophie,
  • Dates associated with a name: 1937-

670 ## - SOURCE DATA FOUND

  • Source citation: His Jolis deuils, petites tragédies, 1964.

670 ## - SOURCE DATA FOUND

  • Source citation: His Prières d'un enfant très très sage, c1988:
  • Information found: t.p. (Roch Carrier) Can CIP (Carrier, Roch, 1937- )

670 ## - SOURCE DATA FOUND

  • Source citation: LAC, Feb. 5, 2005
  • Information found: (Carrier, Roch, 1937-; b. May 13, 1937)

670 ## - SOURCE DATA FOUND

  • Source citation: AMICUS database, Sept. 15, 2005
  • Information found: (Frisson, Sophie, 1937-; ref. from: Carrier, Roch, 1937-)

670 ## - SOURCE DATA FOUND

  • Source citation: LAC internal file, December 3, 2019
  • Information found: (access point: Carrier, Roch, 1937-; Canadian; lives in Montréal)

700 16 - ESTABLISHED HEADING LINKING ENTRY--PERSONAL NAME

  • Personal name: Carrier, Roch,
  • Dates associated with a name: 1937-
  • Authority record control number or standard number: (CaOONL)ncf10148336
Devinim Yazılım Eğitim Danışmanlık tarafından Koha'nın orjinal sürümü uyarlanarak geliştirilip kurulmuştur.